An Overview of rubber plantation development in North East India (Record no. 54182)

MARC details
000 -LEADER
fixed length control field 00546nam a2200133Ia 4500
100 ## - MAIN ENTRY--AUTHOR NAME
Personal name Mohanan K G
245 #3 - TITLE STATEMENT
Title An Overview of rubber plantation development in North East India
260 ## - PUBLICATION, DISTRIBUTION, ETC. (IMPRINT)
Name of publisher Global Competitiveness of Indian Rubber Plantation Industry : Rubber Planters Conference, India 2002. (Eds. C. Kuruvilla Jacob). Rubber Research Institute of India, Kottayam, Kerala, pp.359-368.
650 ## - SUBJECT ADDED ENTRY--TOPICAL TERM
Topical Term Rubber plantation
700 ## - ADDED ENTRY--PERSONAL NAME
Personal name Krishnakumar A K
700 ## - ADDED ENTRY--PERSONAL NAME
Personal name Lalithakumari E
942 ## - ADDED ENTRY ELEMENTS (KOHA)
Koha item type Journals
Holdings
Withdrawn status Lost status Damaged status Not for loan Home library Current library Shelving location Date acquired Koha item type
      Journals RRII Library RRII Library Agricultural economics 01/01/2021 Journals